[Event "Moscow op-A"]
[Site "Moscow"]
[Date "2016.01.31"]
[Round "2"]
[White "Litvinov, Maxim"]
[Black "Romanov, Stanislav"]
[Result "1-0"]
[WhiteElo "2408"]
[BlackElo "2121"]
[PlyCount "139"]
[EventDate "2016.01.30"]
[EventType "swiss"]
[EventRounds "9"]
[EventCountry "RUS"]
[SourceTitle "CBM 170 Extra"]
[Source "ChessBase"]
[SourceDate "2016.02.25"]
[SourceVersion "1"]
[SourceVersionDate "2016.02.25"]
[SourceQuality "1"]

1. e4 g6 2. d4 Bg7 3. Nf3 d6 4. c3 Nf6 5. Bd3 0-0 6. 0-0 Nbd7 7. Bg5 h6 8. Bh4 e5 9. Nbd2 g5 10. Bg3 Nh5 11. dxe5 dxe5 12. Qc2 Nf4 13. Bc4 Qe7 14. Rfe1 Nb6 15. Bb3 Be6 16. Nf1 Qf6 17. Ne3 h5 18. Nf5 Bxf5 19. exf5 Rae8 20. h4 g4 21. Ng5 Nbd5 22. Qe4 c6 23. c4 Ne7 24. Bc2 Bh6 25. Qxe5 Qxe5 26. Rxe5 f6 27. Rxe7 Ne2+ 28. Rxe2 Rxe2 29. Bd3 Rd2 30. Ne6 Rxd3 31. Nxf8 Kxf8 32. b3 Kf7 33. Kf1 Rd2 34. Ke1 Rb2 35. Rd1 Ke7 36. Bd6+ Ke8 37. Kf1 Rxa2 38. Re1+ Kd7 39. c5 b6 40. Re7+ Kd8 41. Rh7 Ra1+ 42. Ke2 Ra2+ 43. Kd3 Bc1 44. Bc7+ Ke8 45. cxb6 axb6 46. Bxb6 Rd2+ 47. Kc3 Rd5 48. Rxh5 Ba3 49. Rh8+ Bf8 50. Rg8 Rxf5 51. Rxg4 c5 52. f3 Kd7 53. Kc4 Kc6 54. Ba5 Bd6 55. Bc3 Kd7 56. Re4 Bg3 57. Be1 Bxe1 58. Rxe1 Kd6 59. Rh1 Rf4+ 60. Kd3 Ke6 61. h5 Kf7 62. h6 Kg8 63. Rh5 f5 64. Kd2 Rd4+ 65. Ke2 f4 66. Rxc5 Rb4 67. Rc4 Rxb3 68. Rxf4 Rb2+ 69. Kf1 Kh7 70. Rf6 1-0

[Event "Moscow op-A"]
[Site "Moscow"]
[Date "2015.02.06"]
[Round "7"]
[White "Romanov, Stanislav"]
[Black "Shapkin, Anatoliy"]
[Result "1/2-1/2"]
[WhiteElo "2107"]
[BlackElo "2236"]
[PlyCount "61"]
[EventDate "2015.01.31"]
[EventType "swiss"]
[EventRounds "9"]
[EventCountry "RUS"]
[SourceTitle "CBM 164 Extra"]
[Source "ChessBase"]
[SourceDate "2015.03.02"]
[SourceVersion "1"]
[SourceVersionDate "2015.03.02"]
[SourceQuality "1"]

1. e4 e5 2. Nf3 Nc6 3. Bc4 Bc5 4. c3 Nf6 5. d3 d6 6. h3 h6 7. Bb3 0-0 8. Nbd2 Be6 9. Bc2 d5 10. Qe2 d4 11. Nf1 Qd6 12. Ng3 Ne7 13. 0-0 Ng6 14. Nf5 Qd7 15. g4 Rfe8 16. Kh1 Bb6 17. Rg1 c5 18. Bd2 Bc7 19. g5 hxg5 20. Rxg5 Nh7 21. Rh5 Nf6 22. Rg5 Nh7 23. Rh5 Bxf5 24. exf5 Nf4 25. Bxf4 exf4 26. Qf1 Nf6 27. Rg5 Nh7 28. Rh5 Nf6 29. Rg5 Nh7 30. Rh5 Nf6 31. Rg5 1/2-1/2

[Event "Moscow op-A"]
[Site "Moscow"]
[Date "2015.02.05"]
[Round "6"]
[White "Romanov, Stanislav"]
[Black "Aslanov, Sergei"]
[Result "0-1"]
[WhiteElo "2107"]
[BlackElo "2273"]
[PlyCount "88"]
[EventDate "2015.01.31"]
[EventType "swiss"]
[EventRounds "9"]
[EventCountry "RUS"]
[SourceTitle "CBM 164 Extra"]
[Source "ChessBase"]
[SourceDate "2015.03.02"]
[SourceVersion "1"]
[SourceVersionDate "2015.03.02"]
[SourceQuality "1"]

1. e4 d5 2. exd5 Nf6 3. Nc3 Nxd5 4. Bc4 c6 5. Qf3 e6 6. Nge2 Be7 7. d4 0-0 8. 0-0 Nd7 9. Ng3 N7f6 10. Nce4 Nxe4 11. Nxe4 Nb6 12. Bd3 Qxd4 13. Be3 Qxb2 14. Rab1 Qe5 15. Bf4 Qa5 16. Rfe1 Nd5 17. Bd2 Qc7 18. c4 Nf6 19. Nxf6+ Bxf6 20. Rb3 e5 21. Bb1 Rd8 22. Bh6 Qe7 23. Qe4 g6 24. Rf3 Rd4 25. Qc2 Be6 26. c5 Rc4 27. Qd2 Rxc5 28. Rxf6 Qxf6 29. Bg5 Qg7 30. Bh6 Qf6 31. Bg5 Qg7 32. Bh6 Rd5 33. Qe3 Qf6 34. Bg5 Qg7 35. Bh6 Qf6 36. Bg5 Qg7 37. Bh6 Qh8 38. Be4 Rd4 39. Bc2 Rad8 40. g3 f5 41. h4 R8d7 42. Bb3 Kf7 43. Qxe5 Qxe5 44. Rxe5 Bxb3 0-1

[Event "Moscow-chT GpA"]
[Site "Moscow"]
[Date "2013.10.01"]
[Round "7.4"]
[White "Ustinov, Alexey"]
[Black "Romanov, Stanislav"]
[Result "0-1"]
[WhiteElo "2105"]
[BlackElo "2066"]
[PlyCount "84"]
[EventDate "2013.09.21"]
[EventType "team-swiss"]
[EventRounds "7"]
[EventCountry "RUS"]
[SourceTitle "CBM 156 Extra"]
[Source "ChessBase"]
[SourceDate "2013.10.22"]
[SourceVersion "1"]
[SourceVersionDate "2013.10.22"]
[SourceQuality "1"]
[WhiteTeam "Andrei Kalinichev"]
[BlackTeam "Orientation"]
[WhiteTeamCountry "RUS"]
[BlackTeamCountry "RUS"]

1. c4 e5 2. g3 Nf6 3. Bg2 d5 4. cxd5 Nxd5 5. Nf3 Nc6 6. Nc3 Nb6 7. 0-0 Be7 8. d3 g5 9. a3 h5 10. b4 g4 11. Nd2 h4 12. b5 Nd4 13. e3 Nf5 14. Nb3 Qd6 15. e4 Ng7 16. Be3 Qg6 17. Re1 Be6 18. d4 hxg3 19. hxg3 exd4 20. Nxd4 0-0-0 21. Nd5 Nxd5 22. exd5 Bxd5 23. Bxd5 Rxd5 24. Qc2 Qxc2 25. Nxc2 Ne6 26. a4 Rhd8 27. Kg2 Rd3 28. Rec1 b6 29. Ne1 Rb3 30. Rc4 f5 31. Rac1 Ba3 32. R1c3 Rxc3 33. Rxc3 Bb4 34. Rc6 Rd6 35. Rxd6 cxd6 36. Nc2 Bc3 37. f3 d5 38. fxg4 fxg4 39. Bf4 d4 40. Kf1 Kd7 41. Ke2 Nxf4+ 42. gxf4 Ke6 0-1

[Event "RUS-chT U20"]
[Site "Kaliningrad"]
[Date "2013.08.04"]
[Round "3"]
[White "Romanov, Stanislav"]
[Black "Smirnov, Timofey"]
[Result "1-0"]
[WhiteElo "2080"]
[BlackElo "2066"]
[PlyCount "89"]
[EventDate "2013.08.02"]
[EventType "team-swiss"]
[EventRounds "9"]
[EventCountry "RUS"]
[SourceTitle "EXT 2018"]
[Source "ChessBase"]
[SourceDate "2017.10.13"]
[SourceVersion "1"]
[SourceVersionDate "2017.10.13"]
[SourceQuality "1"]

1. e4 c5 2. a3 e6 3. b4 cxb4 4. axb4 Bxb4 5. Bb2 Nf6 6. e5 Nd5 7. c4 Ne7 8. Bd3 Nbc6 9. Nf3 Ng6 10. 0-0 0-0 11. Bc2 d5 12. exd6 Bxd6 13. d4 b6 14. Nc3 Bb7 15. Ne4 Be7 16. d5 exd5 17. cxd5 Nb4 18. Qd4 f6 19. Bb1 Qxd5 20. Qe3 Kh8 21. Nc3 Qf7 22. Bxg6 Qxg6 23. Nh4 Qf7 24. Qh3 Rfd8 25. Rae1 Ba6 26. Rxe7 Qh5 27. g4 Bxf1 28. Kxf1 Qh6 29. Ne4 Rd1+ 30. Ke2 Rd3 31. g5 Qh5+ 32. f3 Nd5 33. Qg3 Re3+ 34. Kf2 Rb3 35. Bd4 Nxe7 36. gxf6 Qh6 37. Ng5 Qh5 38. fxe7 Rc8 39. Qf4 Kg8 40. Bxg7 Qe8 41. Qf6 Rc2+ 42. Kg3 Qb8+ 43. Qe5 Qxe5+ 44. Bxe5 Rc8 45. Nf5 1-0

[Event "EU-ch U18"]
[Site "Prague"]
[Date "2012.08.25"]
[Round "9"]
[White "Romanov, Stanislav"]
[Black "Bizovi, Mihai"]
[Result "0-1"]
[WhiteElo "2115"]
[BlackElo "2044"]
[PlyCount "64"]
[EventDate "2012.08.17"]
[EventType "swiss"]
[EventRounds "9"]
[EventCountry "CZE"]
[SourceTitle "CBM 150 Extra"]
[Source "ChessBase"]
[SourceDate "2012.10.19"]
[SourceVersion "1"]
[SourceVersionDate "2012.10.19"]
[SourceQuality "1"]

1. e4 c5 2. a3 Nc6 3. b4 e5 4. b5 Nd4 5. c3 Ne6 6. Nf3 d6 7. d4 cxd4 8. cxd4 exd4 9. Nxd4 Nf6 10. Nc3 Be7 11. Bb2 0-0 12. Be2 Nf4 13. Bf3 Be6 14. Qd2 Ng6 15. 0-0 Ne5 16. Be2 Rc8 17. Nxe6 fxe6 18. Qd4 Qb6 19. Qxb6 axb6 20. Na4 Nc4 21. Bxf6 Bxf6 22. Rac1 Nd2 23. Nxb6 Rxc1 24. Rxc1 Bd4 25. Nc4 Rxf2 26. Kh1 Rxe2 27. Nxd6 h5 28. Nxb7 Nxe4 29. h3 Nf2+ 30. Kh2 Be5+ 31. Kg1 Nd3 32. Rd1 Nf4 0-1

[Event "EU-ch U18"]
[Site "Prague"]
[Date "2012.08.20"]
[Round "4"]
[White "Romanov, Stanislav"]
[Black "Plat, Vojtech"]
[Result "0-1"]
[WhiteElo "2115"]
[BlackElo "2480"]
[PlyCount "74"]
[EventDate "2012.08.17"]
[EventType "swiss"]
[EventRounds "9"]
[EventCountry "CZE"]
[SourceTitle "CBM 150 Extra"]
[Source "ChessBase"]
[SourceDate "2012.10.19"]
[SourceVersion "1"]
[SourceVersionDate "2012.10.19"]
[SourceQuality "1"]

1. e4 c5 2. Nc3 Nc6 3. g3 g6 4. Bg2 Bg7 5. d3 d6 6. Nge2 Rb8 7. Be3 b5 8. Qd2 Bg4 9. f3 Bd7 10. 0-0 h5 11. f4 h4 12. d4 hxg3 13. hxg3 b4 14. Nd5 e6 15. dxc5 exd5 16. exd5 Nce7 17. c6 Bf5 18. Bxa7 Nh6 19. Bf3 Rb5 20. Bd4 0-0 21. Bxg7 Kxg7 22. Nd4 Rc5 23. Nb3 Rc4 24. Rae1 Neg8 25. c3 bxc3 26. Qe2 Qb6+ 27. Kg2 Qb4 28. bxc3 Rxc3 29. Rc1 Rxf3 30. Rc4 Rxb3 31. Rxb4 Rxb4 32. Rc1 Nf6 33. Qd2 Rb5 34. c7 Nhg4 35. Qc3 Rh8 36. Qa1 Rb2+ 37. Kg1 Be4 0-1

[Event "RUS-chT Clubs U18"]
[Site "Rybinsk"]
[Date "2009.08.07"]
[Round "6"]
[White "Egorenkov, Igor"]
[Black "Romanov, Stanislav"]
[Result "1/2-1/2"]
[WhiteElo "2058"]
[BlackElo "2071"]
[PlyCount "74"]
[EventDate "2009.08.02"]
[EventType "team-swiss"]
[EventRounds "9"]
[EventCountry "RUS"]
[SourceTitle "CBM 131 Extra"]
[Source "ChessBase"]
[SourceDate "2009.09.03"]
[SourceVersion "2"]
[SourceVersionDate "2009.09.16"]
[SourceQuality "1"]

1. c4 e5 2. Nc3 Nf6 3. g3 Bb4 4. Bg2 0-0 5. Nf3 Bxc3 6. bxc3 Nc6 7. 0-0 d6 8. Rb1 e4 9. Nd4 Ne5 10. Qb3 c5 11. Nc2 Rb8 12. Ne3 Be6 13. a4 a6 14. Qc2 Nxc4 15. d3 exd3 16. exd3 Nxe3 17. fxe3 Qd7 18. Rb6 Qc7 19. Qb1 Nd5 20. Bxd5 Bxd5 21. e4 Bc6 22. a5 Qd7 23. d4 Rbe8 24. d5 Bb5 25. Rf5 Re5 26. Bf4 Rxf5 27. exf5 Qe7 28. Rxd6 Qe2 29. f6 Bd3 30. Qc1 Re8 31. Rd7 Bf5 32. Re7 Rxe7 33. fxe7 Bh3 34. e8Q+ Qxe8 35. Qd2 Qb5 36. Kf2 Qf1+ 37. Ke3 g5 1/2-1/2

[Event "RUS-chB U14"]
[Site "Dagomys"]
[Date "2009.04.21"]
[Round "7"]
[White "Makeev, Nikolay"]
[Black "Romanov, Stanislav"]
[Result "1-0"]
[WhiteElo "1990"]
[BlackElo "2071"]
[PlyCount "55"]
[EventDate "2009.04.15"]
[EventType "swiss"]
[EventRounds "9"]
[EventCountry "RUS"]
[SourceTitle "EXT 2010"]
[Source "ChessBase"]
[SourceDate "2010.11.25"]
[SourceVersion "1"]
[SourceVersionDate "2010.11.25"]
[SourceQuality "1"]

1. d4 d5 2. Nf3 Nf6 3. c4 dxc4 4. e3 e6 5. Bxc4 c5 6. Qe2 a6 7. dxc5 Bxc5 8. 0-0 b5 9. Bd3 0-0 10. Nbd2 Bb7 11. a4 b4 12. b3 Nbd7 13. Bb2 Re8 14. Rfd1 e5 15. Ng5 h6 16. Nge4 Qe7 17. Nxc5 Nxc5 18. Bc4 Qc7 19. h3 Qc6 20. Nf3 Nce4 21. Rac1 Nc5 22. Bxf7+ Kxf7 23. Qc4+ Kg6 24. Qxc5 Qxc5 25. Rxc5 e4 26. Rc7 Bd5 27. Ne5+ Kh7 28. Ng4 1-0

[Event "RUS-chB U14"]
[Site "Dagomys"]
[Date "2009.04.19"]
[Round "5"]
[White "Gladkov, Dmitry"]
[Black "Romanov, Stanislav"]
[Result "0-1"]
[WhiteElo "1863"]
[BlackElo "2071"]
[PlyCount "56"]
[EventDate "2009.04.15"]
[EventType "swiss"]
[EventRounds "9"]
[EventCountry "RUS"]
[SourceTitle "EXT 2012"]
[Source "ChessBase"]
[SourceDate "2011.11.24"]
[SourceVersion "1"]
[SourceVersionDate "2011.11.24"]
[SourceQuality "1"]

1. e4 c5 2. Nf3 d6 3. d4 cxd4 4. Qxd4 Nc6 5. Bb5 Bd7 6. Bxc6 Bxc6 7. Bg5 Nf6 8. Nc3 e6 9. 0-0-0 Be7 10. Qd3 0-0 11. Nd4 Rc8 12. f3 Re8 13. g4 Qc7 14. h4 a6 15. Kb1 b5 16. Be3 b4 17. Nce2 d5 18. e5 Nd7 19. Bf4 Bb5 20. Qe3 Nb6 21. Qf2 Bc5 22. g5 Na4 23. Qg2 Bxe2 24. Qxe2 Bxd4 25. Rxd4 Qb6 26. Be3 Nc3+ 27. bxc3 bxc3+ 28. Kc1 Rb8 0-1

[Event "RUS-chB U14"]
[Site "Dagomys"]
[Date "2009.04.17"]
[Round "3"]
[White "Pristalov, Evgeny"]
[Black "Romanov, Stanislav"]
[Result "1-0"]
[WhiteElo "1916"]
[BlackElo "2071"]
[PlyCount "149"]
[EventDate "2009.04.15"]
[EventType "swiss"]
[EventRounds "9"]
[EventCountry "RUS"]
[SourceTitle "EXT 2010"]
[Source "ChessBase"]
[SourceDate "2010.11.25"]
[SourceVersion "1"]
[SourceVersionDate "2010.11.25"]
[SourceQuality "1"]

1. e4 c5 2. Nf3 d6 3. c3 Nf6 4. Be2 g6 5. 0-0 Bg7 6. Bb5+ Bd7 7. Bxd7+ Qxd7 8. Re1 Nc6 9. d4 0-0 10. Nbd2 cxd4 11. cxd4 e5 12. d5 Nb4 13. a3 Nd3 14. Re3 Nf4 15. Ne1 Bh6 16. Rb3 Rac8 17. f3 Qa4 18. Kf1 Rc7 19. g3 N4h5 20. Nd3 Rfc8 21. Kg1 Qd7 22. Nf1 Bxc1 23. Rxc1 Rxc1 24. Nxc1 b6 25. Qd2 Ng7 26. Rc3 Nge8 27. Qc2 Rc7 28. Nd3 Kf8 29. Nb4 Rc5 30. b3 a5 31. Nc6 Qc7 32. Ne3 Nd7 33. Nc4 Nb8 34. b4 axb4 35. axb4 Nxc6 36. bxc5 Nd4 37. Qb2 bxc5 38. Kf2 Qa7 39. Ra3 Qd7 40. Kg2 Nc7 41. Qb7 Kg7 42. Ra8 Qb5 43. Qxb5 Ncxb5 44. Rd8 Kf6 45. Rd7 h5 46. Nxd6 Nxd6 47. Rxd6+ Ke7 48. Ra6 c4 49. Ra3 Kd6 50. Rc3 Kc5 51. d6 Kb4 52. d7 Kxc3 53. d8Q Kd2 54. Kf2 c3 55. Qg5+ Kd3 56. Qc1 c2 57. Qa3+ Kc4 58. Qb2 Kd3 59. f4 Ne2 60. Qb5+ Kd4 61. Qd5+ Kc3 62. Kxe2 c1Q 63. Qc5+ Kb2 64. Qxc1+ Kxc1 65. fxe5 Kc2 66. Ke3 Kc3 67. Kf4 Kd4 68. h4 Kd3 69. e6 fxe6 70. Ke5 Ke3 71. Kxe6 Kxe4 72. Kf6 Kf3 73. Kxg6 Kxg3 74. Kxh5 Kf4 75. Kg6 1-0

[Event "Moscow op-B"]
[Site "Moscow"]
[Date "2009.02.08"]
[Round "9"]
[White "Nepomnin, Vladilen"]
[Black "Romanov, Stanislav"]
[Result "0-1"]
[WhiteElo "1888"]
[BlackElo "2058"]
[PlyCount "41"]
[EventDate "2009.01.31"]
[EventType "swiss"]
[EventRounds "9"]
[EventCountry "RUS"]
[SourceTitle "EXT 2012"]
[Source "ChessBase"]
[SourceDate "2011.11.24"]
[SourceVersion "1"]
[SourceVersionDate "2011.11.24"]
[SourceQuality "1"]

1. e4 c5 2. Nf3 d6 3. d4 cxd4 4. Nxd4 Nf6 5. Nc3 a6 6. Be2 Nc6 7. 0-0 e6 8. Be3 Qc7 9. Qd2 Be7 10. Rad1 0-0 11. f4 Bd7 12. g4 b5 13. a3 Nxd4 14. Bxd4 e5 15. fxe5 dxe5 16. Bf2 Bxg4 17. Bxg4 Nxg4 18. Nd5 Qb7 19. Nxe7+ Qxe7 20. Qd7 Qg5 21. h4 0-1

[Event "Moscow op-B"]
[Site "Moscow"]
[Date "2009.02.01"]
[Round "3"]
[White "Nurullin, Eldar"]
[Black "Romanov, Stanislav"]
[Result "1-0"]
[WhiteElo "1400"]
[BlackElo "2058"]
[PlyCount "81"]
[EventDate "2009.01.31"]
[EventType "swiss"]
[EventRounds "9"]
[EventCountry "RUS"]
[SourceTitle "EXT 2012"]
[Source "ChessBase"]
[SourceDate "2011.11.24"]
[SourceVersion "1"]
[SourceVersionDate "2011.11.24"]
[SourceQuality "1"]

1. c4 e5 2. Nc3 Nf6 3. Nf3 e4 4. Ng5 Bb4 5. Ngxe4 Nxe4 6. Nxe4 0-0 7. a3 Re8 8. axb4 Rxe4 9. d3 Re6 10. g3 Nc6 11. b5 Nd4 12. Be3 Nf5 13. Bd2 Qf6 14. Bc3 Qh6 15. Qd2 Qh5 16. Qf4 d6 17. g4 Qh4 18. Qf3 Ne3 19. Kd2 Nxg4 20. Bh3 Rg6 21. Bxg4 Bxg4 22. Qxb7 Re8 23. Bd4 Rxe2+ 24. Kc3 h5 25. Rxa7 Kh7 26. Qxc7 Rf6 27. b6 Rfxf2 28. Ra2 Bf3 29. Bxf2 Qxf2 30. b7 Bxh1 31. b8Q Qf6+ 32. Kb3 Re3 33. Qxd6 Qf5 34. Qbd8 Be4 35. Kb4 Rxd3 36. Qxd3 Bxd3 37. Ra5 Qf3 38. Qd5 Be4 39. Qxh5+ Kg8 40. Qxf3 Bxf3 41. Re5 1-0

[Event "Moscow Petrosian Memorial U18"]
[Site "Moscow"]
[Date "2009.01.??"]
[Round "6"]
[White "Romanov, Stanislav"]
[Black "Kostoglotov, Dmitry"]
[Result "1-0"]
[WhiteElo "2058"]
[BlackElo "1828"]
[PlyCount "39"]
[EventDate "2009.01.??"]
[EventType "swiss"]
[EventRounds "9"]
[EventCountry "RUS"]
[SourceTitle "EXT 2010"]
[Source "ChessBase"]
[SourceDate "2010.11.25"]
[SourceVersion "1"]
[SourceVersionDate "2010.11.25"]
[SourceQuality "1"]

1. e4 c6 2. d4 d5 3. f3 e6 4. Nc3 Nf6 5. Bg5 Be7 6. e5 Nfd7 7. Bxe7 Qxe7 8. f4 a6 9. Qg4 g6 10. Nf3 c5 11. dxc5 Nxc5 12. Nxd5 Qd8 13. Nf6+ Kf8 14. Qh4 Kg7 15. Rd1 Ncd7 16. Nd4 Qa5+ 17. c3 Qb6 18. Rd3 h6 19. Be2 Nxf6 20. Qxf6+ 1-0

[Event "Moscow Petrosian Memorial U18"]
[Site "Moscow"]
[Date "2009.01.??"]
[Round "4"]
[White "Romanov, Stanislav"]
[Black "Severina, Maria"]
[Result "1-0"]
[WhiteElo "2058"]
[BlackElo "1940"]
[PlyCount "94"]
[EventDate "2009.01.??"]
[EventType "swiss"]
[EventRounds "9"]
[EventCountry "RUS"]
[SourceTitle "EXT 2010"]
[Source "ChessBase"]
[SourceDate "2010.11.25"]
[SourceVersion "1"]
[SourceVersionDate "2010.11.25"]
[SourceQuality "1"]

1. e4 e5 2. f4 exf4 3. Nf3 h6 4. Bc4 d6 5. Nc3 Be6 6. Bxe6 fxe6 7. 0-0 g5 8. Nd4 Qf6 9. Qh5+ Kd7 10. Nf3 Ne7 11. d4 Qg6 12. Qg4 Rg8 13. Ne1 Nbc6 14. d5 Ne5 15. Qe2 a6 16. Nf3 Nxf3+ 17. Qxf3 exd5 18. exd5 Bg7 19. Bd2 Be5 20. Qe2 Bxc3 21. bxc3 Nxd5 22. Qf3 Qf5 23. g4 Qf7 24. c4 Nf6 25. c5 d5 26. Bc3 Ne4 27. Rfd1 Kc8 28. Bd4 h5 29. h3 hxg4 30. hxg4 Re8 31. Kg2 Ng3 32. Re1 Kd7 33. Bf2 Ne4 34. Rad1 c6 35. Rxe4 Kc7 36. Rxe8 Rxe8 37. Rh1 Qg6 38. Qd3 Re4 39. Qb3 Qf7 40. Rh8 Re8 41. Rxe8 Qxe8 42. Qd3 Qe7 43. Qf5 Qg7 44. Be1 b6 45. cxb6+ Kxb6 46. Qc8 Qe5 47. Qd8+ Kc5 1-0